Central Library OPAC University of Rajshahi

Invention and the unconscious / (Record no. 30504)

MARC details
000 -LEADER
fixed length control field 01031nam a22002772a 4500
001 - CONTROL NUMBER
control field 30504
003 - CONTROL NUMBER IDENTIFIER
rucl marc code BD-RjUL
005 - DATE AND TIME OF LATEST TRANSACTION
control field 20211209051556.0
008 - FIXED-LENGTH DATA ELEMENTS--GENERAL INFORMATION
fixed length control field 140410s1931 enka b 001 0 eng d
035 ## - SYSTEM CONTROL NUMBER
System control number OCLC ocm04455143 from D960508M
-- (BD-RjUL)30590
040 ## - CATALOGING SOURCE
Original cataloging agency DLC
Transcribing agency IAY
Modifying agency IAY
-- BD-RjUL
Language of cataloging eng
041 ## - LANGUAGE CODE
Language code of text/sound track or separate title eng
082 ## - DEWEY DECIMAL CLASSIFICATION NUMBER
Classification number 153
Author mark and year MOI 1931
100 1# - MAIN ENTRY--PERSONAL NAME
Personal name Montmasson, Joseph-Marie.
9 (RLIN) 92682
245 10 - TITLE STATEMENT
Title Invention and the unconscious /
Statement of responsibility, etc. by Joseph-Marie Montmasson; translated, with a preface, by H. Stafford Hatfield
260 ## - PUBLICATION, DISTRIBUTION, ETC. (IMPRINT)
Place of publication, distribution, etc. London :
Name of publisher, distributor, etc. K. Paul, Trench, Trübner,
Date of publication, distribution, etc. 1931.
300 ## - PHYSICAL DESCRIPTION
Pagination xxiv, 338 p. ;
Size 23 cm
490 1# - SERIES STATEMENT
Series statement International library of psychology, philosophy, and scientific method
504 ## - BIBLIOGRAPHY, ETC. NOTE
Bibliography, etc Includes index and Bibliography: p. 327-333
650 #0 - SUBJECT ADDED ENTRY--TOPICAL TERM
Topical term or geographic name as entry element Subconsciousness
9 (RLIN) 88881
Topical term or geographic name as entry element Science
General subdivision Methodology
9 (RLIN) 92683
700 1# - ADDED ENTRY--PERSONAL NAME
Personal name Hatfield, H.
Fuller form of name (Henry)
830 #0 - SERIES ADDED ENTRY--UNIFORM TITLE
Uniform title International library of psychology, philosophy, and scientific method
942 ## - ADDED ENTRY ELEMENTS (KOHA)
Source of classification or shelving scheme Dewey Decimal Classification
Koha item type Books
Holdings
Lost status Source of classification or shelving scheme Damaged status Not for loan Collection code Permanent Location Current Location Shelving location Date acquired Source of acquisition Cost, normal purchase price Total Checkouts Full call number Date last seen Copy number Koha item type
  Dewey Decimal Classification   Not For Loan Non-fiction Central Library, University of Rajshahi Central Library, University of Rajshahi Reading Room 09/06/1955 Allies books 14.00   153 MOI 1931 10/04/2014 C-1 Books
  Dewey Decimal Classification     Non-fiction Central Library, University of Rajshahi Central Library, University of Rajshahi   10/09/1955 B.H.Blackkwell 1.00   153 MOI 1931 10/04/2014 C-2 Books